Acts of love, (Record no. 138500)
[ view plain ]
| 000 -LEADER | |
|---|---|
| fixed length control field | 00360cam6a220013300 4500 |
| 001 - CONTROL NUMBER | |
| control field | lce00784896 |
| 008 - FIXED-LENGTH DATA ELEMENTS--GENERAL INFORMATION | |
| fixed length control field | 730801s1973 inu 000 1 eng |
| 020 ## - INTERNATIONAL STANDARD BOOK NUMBER | |
| International Standard Book Number | 0672517809 |
| 035 ## - SYSTEM CONTROL NUMBER | |
| System control number | (Sirsi) r10817 |
| 050 ## - LIBRARY OF CONGRESS CALL NUMBER | |
| Classification number | PZ 4.B4944 BER 1973 |
| 100 ## - MAIN ENTRY--PERSONAL NAME | |
| Personal name | Berge, Carol |
| 245 ## - TITLE STATEMENT | |
| Title | Acts of love, |
| Remainder of title | an American novel. |
| 260 ## - PUBLICATION, DISTRIBUTION, ETC. | |
| Place of publication, distribution, etc. | Indianapolis, |
| Name of publisher, distributor, etc. | Bobbs-Merrill |
| Date of publication, distribution, etc. | [1973] |
No items available.